| Registos Bibliográficos associados ao registo de autoridade |
|
Etiqueta de registo: 00000nam 2200025 450 001 1989782 003 http://id.bnportugal.gov.pt/bib/catbnp/1989782 010 ## $a978-972-25-3373-7 021 ## $aPT$b428779/17 100 ## $a20180509d2017 m y0pory01030103ba 101 1# $apor$cdan 102 ## $aPT 105 ## $ay z 000fy 106 ## $ar 200 1# $aNada$fJanne Teller$gtrad. Ana Diniz 205 ## $a1ª ed 210 #9 $aLisboa$cBertrand,$d2017 215 ## $a146, [5] p.$d24 cm 304 ## $aTít. orig.: Intet 675 ## $a821.113.4-34"19/20"$vBN$zpor$31607912 700 #1 $aTeller,$bJanne,$f1964-$31713498 702 #1 $aDinis,$bAna$4730$375440 801 #0 $aPT$bBN$gRPC 856 41 $uhttp://rnod.bnportugal.gov.pt/ImagesBN/winlibimg.aspx?skey=&doc=1989782&img=109437&save=true 900 ## $aBIBNAC$d20180604 966 ## $lBN$mFGMON$sL. 143952 V.$x1 966 ## $lBN$mFGMON$sL. 143952 V.-D$x1
Etiqueta de registo: 00000nam 2200025 450 001 2004116 003 http://id.bnportugal.gov.pt/bib/catbnp/2004116 010 ## $a978-972-25-3509-0 021 ## $aPT$b440193/18 100 ## $a20181031d2018 m y0pory01030103ba 101 1# $apor$ceng 102 ## $aPT 105 ## $aa z 000fy 106 ## $ar 200 1# $aGuerra$ee se fosse aqui?$fJanne Teller$gil. Helle Vibeke Jensen$gtrad. Rosa Amorim 205 ## $a1ª ed 210 #9 $aLisboa$cBertrand,$d2018 215 ## $a63 p.$cil.$d15 cm 304 ## $aTít. orig.: War : what if it were here? 675 ## $a087.5$vBN$zpor$3287999 675 ## $a821.113.4-93"19/20"$vBN$zpor$31468385 675 ## $a821.113.4-34"19/20"$vBN$zpor$31607912 700 #1 $aTeller,$bJanne,$f1964-$31713498 702 #1 $aJensen,$bHelle Vibeke,$f1940-2016$4440$31998827 702 #1 $aAmorim,$bRosa$4730$31418459 801 #0 $aPT$bBN$gRPC 856 41 $uhttp://rnod.bnportugal.gov.pt/ImagesBN/winlibimg.aspx?skey=&doc=2004116&img=116673&save=true 900 ## $aBIBNAC$d20181119 966 ## $lBN$mFGMON$sP. 24571 P.$x1 966 ## $lBN$mFGMON$sP. 24571 P.-D$x1
|
|
|